Family Guy Character Picture Quiz - Statistics

General Stats
  • This quiz has been taken 1,491 times
  • The average score is 9 of 9
Answer Stats
Picture Answer % Correct
Peter Griffin
100%
Lois Griffin
98%
Meg Griffin
98%
Stewie Griffin
98%
Brian Griffin
97%
Chris Griffin
96%
Glenn Quagmire
95%
Joe Swanson
94%
Cleveland Brown
92%
No matching quizzes found
Score Distribution
Percent of People with Each Score
Percentile by Number Answered
Your Score History
You have not taken this quiz